| 000 | 00521nam a2200181Ia 4500 | ||
|---|---|---|---|
| 005 | 20250326123903.0 | ||
| 008 | 250326s9999 xx 000 0 und d | ||
| 037 | _aTextbook | ||
| 040 |
_aFMSL _beng _cFMSL |
||
| 041 |
_aeng _2eng |
||
| 084 |
_aS8:6 K4 _qFMSL |
||
| 100 |
_aCollins B E _9736316 |
||
| 245 | 0 |
_aSocial psychology of group processes for decision-making _cCollins B E; Guetzkow H |
|
| 260 |
_aNY _bNY, John Wiley _c1964 |
||
| 300 | _a254p | ||
| 942 |
_cTB _hS8:6 K4 |
||
| 999 |
_c1271348 _d1271348 |
||